00482nam a2200193 a 4500001001300000003000900013005001700022008004100039020001000080082001300090100001700103245001800120260004000138300000900178500003500187505003200222650001700254700001700271nice12345678IN_TiNIC20260116013401.0050524s2000 alla grp 000 0 eng  ac10000a323bAGA aAgarwal, H O aHuman Rights. aAllahabadbCentral Law Agencyc2000 a264p aincludes index and biblioraphy2 aAppendex and Subject Index. aHuman Rights1 aAgarwal, H O